Информационные технологии в информационном обеспечении образовательной среды вуза; Информационные технологии в науке, управлении, социальной сфере и медицине; Ч. 1

Bibliografske podrobnosti
Parent link:Информационные технологии в науке, управлении, социальной сфере и медицине: сборник научных трудов IV Международной научной конференции, 5-8 декабря 2017 г., Томск/ Национальный исследовательский Томский политехнический университет (ТПУ).— , 2017
Ч. 1.— 2017.— [С. 141-143]
Drugi avtorji: Рычка И. А., Чебанюк С. В., Малова Е. А., Чебанюк А. Н.
Izvleček:Заглавие с титульного экрана
This article discusses the possibility of using information technology in the creation of educational environment as means of formation of competencies of graduates. The article describes the main components of the information and educational environment in the university and at the level of the department.
Jezik:ruščina
Izdano: 2017
Serija:Информационные системы и технологии
Teme:
Online dostop:http://earchive.tpu.ru/handle/11683/46215
Format: MixedMaterials Elektronski Book Chapter
KOHA link:https://koha.lib.tpu.ru/cgi-bin/koha/opac-detail.pl?biblionumber=626015

MARC

LEADER 00000naa2a2200000 4500
001 626015
005 20231101133406.0
035 |a (RuTPU)RU\TPU\conf\25311 
035 |a RU\TPU\conf\25310 
090 |a 626015 
100 |a 20180131d2017 k y0rusy50 ca 
101 0 |a rus  |d eng 
102 |a RU 
105 |a y z 101zy 
135 |a drcn ---uucaa 
181 0 |a i  
182 0 |a b 
200 1 |a Информационные технологии в информационном обеспечении образовательной среды вуза  |d Information technologies in the information of the higher education environment  |f И. А. Рычка [и др.] 
203 |a Текст  |c электронный 
225 1 |a Информационные системы и технологии 
230 |a 1 компьютерный файл (pdf; 247 Kb) 
300 |a Заглавие с титульного экрана 
320 |a [Библиогр.: с. 143 (2 назв.)] 
330 |a This article discusses the possibility of using information technology in the creation of educational environment as means of formation of competencies of graduates. The article describes the main components of the information and educational environment in the university and at the level of the department. 
461 1 |0 (RuTPU)RU\TPU\conf\25267  |t Информационные технологии в науке, управлении, социальной сфере и медицине  |o сборник научных трудов IV Международной научной конференции, 5-8 декабря 2017 г., Томск  |o в 2 ч.  |f Национальный исследовательский Томский политехнический университет (ТПУ)   |d 2017 
463 1 |0 (RuTPU)RU\TPU\conf\25268  |t Ч. 1  |f Национальный исследовательский Томский политехнический университет (ТПУ) ; ред. кол. О. Г. Берестнева ; А. А. Мицель ; Т. А. Гладкова  |v [С. 141-143]  |d 2017 
510 1 |a Information technologies in the information of the higher education environment  |z eng 
610 1 |a электронные ресурсы 
610 1 |a информационные системы 
610 1 |a управление качеством 
610 1 |a образовательная среда 
610 1 |a процессный подход 
610 1 |a вузы 
701 1 |a Рычка  |b И. А. 
701 1 |a Чебанюк  |b С. В. 
701 1 |a Малова  |b Е. А. 
701 1 |a Чебанюк  |b А. Н. 
801 2 |a RU  |b 63413507  |c 20180321  |g RCR 
856 4 |u http://earchive.tpu.ru/handle/11683/46215 
942 |c BK